Learning Resource and Development

Data center management / (Record no. 30834)

MARC details
000 -LEADER
fixed length control field 04743nam a2200289 i 4500
003 - CONTROL NUMBER IDENTIFIER
control field CSPC
005 - DATE AND TIME OF LATEST TRANSACTION
control field 20251120163730.0
008 - FIXED-LENGTH DATA ELEMENTS--GENERAL INFORMATION
fixed length control field 251105s2024 onca b 001 0 eng d
020 ## - INTERNATIONAL STANDARD BOOK NUMBER
International Standard Book Number 9781774697870
040 ## - CATALOGING SOURCE
Original cataloging agency CSPC
Language of cataloging eng
Transcribing agency CSPC
Description conventions rda
050 04 - LIBRARY OF CONGRESS CALL NUMBER
Classification number QA76.585
Item number .Z334 2024
082 04 - DEWEY DECIMAL CLASSIFICATION NUMBER
Edition number 23
Classification number 004.6782
Item number Z12d
100 1# - MAIN ENTRY--PERSONAL NAME
Personal name Zadeh, Nastaran Nazar,
Relator term author.
245 10 - TITLE STATEMENT
Title Data center management /
Statement of responsibility, etc. Nastaran Nazar Zadeh.
264 #1 - PRODUCTION, PUBLICATION, DISTRIBUTION, MANUFACTURE, AND COPYRIGHT NOTICE
Place of production, publication, distribution, manufacture Burlington, Ontario :
Name of producer, publisher, distributor, manufacturer Toronto Academic Press,
Date of production, publication, distribution, manufacture, or copyright notice 2024.
300 ## - PHYSICAL DESCRIPTION
Extent xxi, 239 pages :
Other physical details illustrations ;
Dimensions 25 cm.
336 ## - CONTENT TYPE
Source rdacontent
Content type term text
337 ## - MEDIA TYPE
Source rdamedia
Media type term unmediated
338 ## - CARRIER TYPE
Source rdacarrier
Carrier type term volume
504 ## - BIBLIOGRAPHY, ETC. NOTE
Bibliography, etc. note Includes bibliographical references and index.
505 0# - FORMATTED CONTENTS NOTE
Formatted contents note 1. Introduction to data center management -- 1.1 A concept of data center -- 1.2 Functional domains of data center -- 1.3 Access to entrance domain -- 1.4 Dispersion network domain -- 1.5 Storage zone -- 1.6 Considerations of data center architecture -- 1.7 Management of data center -- 1.8 Components of data center management -- 1.9 Data center capacity management -- 1.10 Tools of data center management -- 1.11 Services of data center management -- 1.12 Data center management software -- 1.13 Problems of data center management -- 1.14 Challenges in data center management -- 1.15 Data center management practices -- 1.16 Data center management in the future -- 2. Data center topologies and network architecture -- 2.1 Topologies -- 2.2 Architectures -- 2.3 Enterprise and cloud service data centers -- 2.4 Cost structure -- 2.5 Problems with network architectures -- 2.6 Proposed network architectures -- 3. Security and compliance in data protection -- 3.1 Authorized concerns of data -- 3.2 Strategic possibilities and immediate threats -- 3.3 Existing guidelines, regulations, and networks -- 3.4 Data protection, confidentiality, and security structure -- 3.5 Ethical considerations -- 3.6 Organizations experience -- 4. Monitoring and management tools -- 4.1 Data center management tools -- 4.2 Data center management software services -- 4.3 Benefits of using data center management software -- 4.4 Limitations of using data center management services -- 4.5 Server management software -- 4.6 Storage management software -- 4.7 Network management software -- 4.8 Performance management software -- 4.9 Configuration management software -- 4.10 Virtualization software -- 4.11 Methodology for selecting a data center management -- 4.12 Best data center management software -- 5. Virtualization and cloud computing -- 5.1 Need for virtualization and cloud computing -- 5.2 Latest frontier of datacenter virtualization -- 5.3 Defining different types of virtualization -- 5.4 Advantages of data center virtualization -- 5.5 Advanced-data center virtualization -- 5.6 Cloud computing in data center management -- 5.7 Advantages of cloud computing -- 5.8 Challenges of cloud computing .. 5.9 Cloud computing providers -- 6. Importance of power cooling management -- 6.1 High-density IT equipment -- 6.2 Total cost of ownership -- 6.3 Rapid pace of change -- 6.4 Capacity supply and demand -- 6.5 System-level capacities -- 6.6 Managing capacity -- 6.7 Monitoring power and cooling for T devices -- 7. Challenges in data center management -- 7.1 Data security -- 7.2 Power management -- 7.3 Capacity planning -- 7.4 Internet of Things (IoT) -- 7.5 Mobile enterprise -- 7.6 Real-time reporting -- 7.7 Balancing cost controls with efficiency -- 7.8 Infrastructure monitoring and visibility -- 7.9 Data center network security -- 7.10 Performance and availability -- 7.11 Cooling -- 8. Future trends in data center management -- 8.1 Legislation, best practices, and standards -- 8.2 Intelligent monitoring systems -- 8.3 Simulation tools and digital twins -- 8.4 Edge computing -- 8.5 Artificial Intelligence (AI) -- 8.6 Robotics -- 8.7 Future research.
520 ## - SUMMARY, ETC.
Summary, etc. "This book serves as a comprehensive guide to data center management, exploring critical concepts and practices essential for managing modern data centers. It covers various aspects such as architecture, security, compliance, monitoring, power and cooling management, and future trends. The author, Nastaran Nazar Zadeh, aims to provide students, scholars, IT managers, and business leaders with the knowledge needed to optimize data center operations. By examining topics like cloud computing, artificial intelligence, and machine learning, the book addresses both current challenges and emerging technologies in the field."
650 #0 - SUBJECT ADDED ENTRY--TOPICAL TERM
Topical term or geographic name entry element Cloud computing.
650 #0 - SUBJECT ADDED ENTRY--TOPICAL TERM
Topical term or geographic name entry element Data centers.
942 ## - ADDED ENTRY ELEMENTS (KOHA)
Source of classification or shelving scheme Dewey Decimal Classification
Suppress in OPAC No
Koha item type Books
Edition 23
Classification part 004.6782
Item part Z12d
Call number prefix CIR
Call number suffix 2024
Holdings
Withdrawn status Lost status Source of classification or shelving scheme Damaged status Not for loan Home library Current library Shelving location Date acquired Total Checkouts Full call number Barcode Date last seen Copy number Price effective from Koha item type
    Dewey Decimal Classification     Main Library Main Library Circulation Section 11/05/2025   CIR 004.6782 Z12d 2024 030715 11/05/2025 1-1 11/05/2025 Books